000 00178nam a2200073Ia 4500
008 170817s9999 xx 000 0 und d
100 _aMANGAL S.K.
245 0 _aADVANCED EDUCATIONAL PSYCHOLOGY
260 _bP.H.I.
999 _c37237
_d37237